00388 a2200121 4500020001800000082001800018100002700036245008500063260004900148300002400197650001800221650002700239 a9788120326705 a624.15136 PRA aPrasad, Bharat Bhushan aFundamentals of Soil Dynamics and Earthquake Engineering/cBharat Bhushan Prasad aNew Delhi :bPHI Learning Private Ltd,c2009 axv, 566p. :bill. ; aSoil Dynamics aEarthquake Engineering